История на автомобилите (Запис номер 334298)
[ съкратено ]
| 000 -Лидер | |
|---|---|
| Контролно поле с фиксирана дължина | 01235nam a2200301 a 4500 |
| 003 - Код на организацията, давaща контролен номер | |
| Контролно поле | BLK |
| 005 - Дата и час на последна редакция | |
| Контролно поле | 20250729122605.0 |
| 008 - Елементи от данни с фиксирана дължина | |
| fixed length control field | 190829b bu ||||| |||| 00| | bu d |
| 020 ## - Международен стандартен номер на книга ISBN | |
| Международен стандартен номер на книга ISBN | 978-619-199-447-2 |
| 040 ## - Източник на каталожния запис | |
| Идентификатор на билиотеката - собственик на записа | BLK |
| 041 ## - Код за език | |
| Код за езика на текст/звукозапис или на отделно заглавие | Български |
| Код за езика КДБФ | Български |
| 080 ## - УДК | |
| Текстов определител УДК | Автомобили. Автомобилостроене |
| УДК код - определител по УДК | 629.113 |
| УДК определител | :085.7(02.053.2) |
| УДК - код + определител | 629.113:085.7(02.053.2) |
| 100 ## - Редна дума - Автор | |
| R(LIN) | 303303 |
| Автор | Ружичка, Олдрич |
| Авторска отговорност | първи автор |
| 139 ## - Редно поле | |
| Редна дума | Ружичка, Олдрич |
| Авторски знак | Руд - Р 91 |
| 245 ## - Сведения за заглавието | |
| Заглавие | История на автомобилите |
| Редно поле (дума) | Олдржих Ружичка; ил. Томаш Перницкий, Катержина Макалошова |
| 260 ## - Област на издателските данни | |
| 9 (RLIN) | 209475 |
| Място на издаване, разпространение и проч. | София |
| Име на издателя, разпространителя и проч. | Фют |
| Година на издаване | 2019 |
| Издателство - префикс ISBN | 978-619-199- ; 978-954-625- |
| 300 ## - Физическа характеристика | |
| Страници | 32 с. |
| Илюстрации и др. | с ил. |
| Размери/Мащаб | 29 см |
| 380 ## - Жанр | |
| Жанр | Детска отраслова лит. |
| 650 #7 - Допълнително описание по предмет – тема | |
| Основно описание – тема или топоним | Автомобили - история |
| Източник на редна или ключова дума | |
| 9 (RLIN) | 146375 |
| 653 #7 - Ключова дума – ненормативна | |
| 9 (RLIN) | 180362 |
| Ключова дума | автомобилостроене |
| 700 ## - Други автори (авторска отговорност) | |
| 9 (RLIN) | 382674 |
| Лично име | Татаров, Антон Златаров |
| Автороска отговорност (Описва отношението между автора и произведението) | прев. от англ. |
| 852 ## - Местоположение | |
| Фондова буква | Детски отдел |
| Систематично-азбучна сигнатура | ДН 629/Р 91 |
| 852 ## - Местоположение | |
| Фондова буква | Хранилище |
| Форматна сигнатура | Цб ІІ 25690 |
| 999 ## - СИСТЕМНИ КОНТРОЛНИ НОМЕРА | |
| Koha biblionumber | 334298 |
| Koha biblioitemnumber | 334298 |
| 942 ## - АРТИКУЛИ | |
| Вид на библиотечния материал | Книги |
| Скрит в OPAC | Не |
| Периодичен библиозапис | Да |
| Koha issues (borrowed), all copies | 18 |
| 944 ## - СЪЗДАВАНЕ И РЕДАКЦИЯ на ЗАПИСА | |
| Създаване/Редакция | Редакция |
| Дата на регистрацията/редакция | 2020-10-06 |
| Служител, извършил регистрацията/редакцията | 30551 |
| Статус, дата на статуса | Бояна Костадинова |
| 999 ## - СИСТЕМНИ КОНТРОЛНИ НОМЕРА | |
| Koha biblioitemnumber | 334298 |
| 999 ## - СИСТЕМНИ КОНТРОЛНИ НОМЕРА | |
| Koha biblioitemnumber | 334298 |
| Код за отписване | Код за изгубен артикул | Източник на класификационната схема | Код за повреда | Код за отдаване | Артикулен № | Име на библиотеката - собственик | Име на библиотеката, в която се намира в момента | Статус (Текущо местоположение) | Дата на вписване в системата | Местоположение - отдел | Цена в лева | Систематично азбучна сигнатура | Баркод | Цена в евро | Служебен тип на артикула | Коз за рестрикции |
|---|---|---|---|---|---|---|---|---|---|---|---|---|---|---|---|---|
| Не е изгубен | Universal Decimal Classification | Не е повреден | заемане за дома | 737230 | Регионална библиотека "Любен Каравелов" Русе | Регионална библиотека "Любен Каравелов" Русе | Детски отдел | 2019-09-09 | Детски отдел | 4.02 | ДН 629/Р 91 | 120000836047 | 2.06 | Книги | ||
| Не е изгубен | Universal Decimal Classification | Не е повреден | заемане за дома | 737231 | Регионална библиотека "Любен Каравелов" Русе | Регионална библиотека "Любен Каравелов" Русе | Детски отдел | 2019-09-09 | Детски отдел | 4.02 | ДН 629/Р 91 | 120000836048 | 2.06 | Книги | ||
| Не е изгубен | Universal Decimal Classification | Не е повреден | заемане за дома | 737232 | Регионална библиотека "Любен Каравелов" Русе | Регионална библиотека "Любен Каравелов" Русе | Детски отдел | 2019-09-09 | Детски отдел | 4.02 | ДН 629/Р 91 | 120000836046 | 2.06 | Книги | ||
| Не е изгубен | Universal Decimal Classification | Не е повреден | ползва се в читалня | 802588 | Регионална библиотека "Любен Каравелов" Русе | Регионална библиотека "Любен Каравелов" Русе | Хранилище | 2020-10-05 | Хранилище | 5.90 | Цб ІІ 25690 | 120000848733 | 3.02 | Книги | само за читалня |